A területfejlesztés intézményrendszere Magyarországon (1996 - 2004)
Elmentve itt :
| Szerző: | |
|---|---|
| További közreműködők: | |
| Dokumentumtípus: | Szakdolgozat |
| Megjelent: |
2005
|
| Tárgyszavak: | |
| Online Access: | http://diploma.bibl.u-szeged.hu/28870 |
| LEADER | 00584nta a2200157 i 4500 | ||
|---|---|---|---|
| 001 | dipl28870 | ||
| 005 | 20130314085928.0 | ||
| 008 | 110713s2005 hu om 0|| zxx d | ||
| 040 | |a SZTE Diploma Repozitórium |b hun | ||
| 041 | |a zxx | ||
| 100 | 1 | |a Dékány István | |
| 245 | 1 | 2 | |a A területfejlesztés intézményrendszere Magyarországon (1996 - 2004) |h [elektronikus dokumentum] / |c István Dékány |
| 260 | |c 2005 | ||
| 650 | 4 | |a Jogi és igazgatási tanulmányok | |
| 700 | 1 | |a Zámbó Géza |e ths | |
| 856 | 4 | 0 | |u http://diploma.bibl.u-szeged.hu/id/eprint/28870/1/2005_dekany_istvan.pdf |z Dokumentum-elérés |